000 00790nam a2200229Ii 4500
003 JO-AjNU
008 230605s9999||||xx |||||||||||||| ||und||
017 _a2003/14023
020 _a977-01-8754-2
040 _aJO-AjNU
_bara
_erda
_cJO-AjNU
041 _aara
050 1 4 _aPJ8211.S2482 2003
100 3 _aترجمة وتقديم صليحة،سناء,
_eauthor
_915088
245 0 0 _aنصوص من المسرح النسائي
264 3 1 _aالقاهرة: مكتبة الأسرة،2003 ؛ مهرجان القراءة للجميع 2003
300 _a385ص
336 _atext
_btxt
_2rdacontent
337 _aunmediated
_bn
_2rdamedia
338 _avolume
_bnc
_2rdacarrier
490 0 _aسلسلة إبداع المرأة
650 4 _aالمسرحيات العربية - مصر
_915089
999 _aA4179
_c7747
_d7747